| 000 | 01137 a2200241 4500 | ||
|---|---|---|---|
| 001 | 41194 | ||
| 005 | 20260407155706.0 | ||
| 008 | 260407a2006 arg spa d | ||
| 003 | AR-UNSa-BCEJYS | ||
| 040 |
_aAR-UNSa-BCEJYS _bspa _cAR-UNSa-BCEJYS |
||
| 080 |
_a347.736 _xQuiebra. Insolvencia. Suspensión de pagos. Bancarrota, procedimientos. Derecho Concursal |
||
| 245 | 1 | 0 | _aProblemas y cuestiones sobre los concursos |
| 020 | _a978-950-894-602-7 | ||
| 264 | 1 |
_aBuenos Aires : _bAD-HOC _c2006 |
|
| 300 |
_a236 p. _c23 cm. |
||
| 505 | _a1. Acuerdo preventivo extrajudicial - 2. Moralización de los procesos concursales - 3. Las relaciones laborales en los concursos - 4. El Fideicomiso en el concurso y en la quiebra - 5. Continuación de la actividad de la empresa en la quiebra. Cooperativas de trabajo - 6. Reforma de la ley de concursos y quiebras | ||
| 041 | _aspa | ||
| 942 | _cBK | ||
| 590 | _aniveau_biblio:m niveau_hierar:0 | ||
| 100 | 1 | _aVítolo, Daniel Roque | |
| 700 | 1 | _aPardini, Marta G. | |
| 856 | 4 | 1 |
_uhttps://biblioeco.unsa.edu.ar/pmb/images/libros/problemas_cuestiones_concursos.jpg _yImagen de portada _qimage/jpeg |
| 999 |
_c3413 _d3413 |
||